| 000 | 00461nam a2200157Ia 4500 | ||
|---|---|---|---|
| 008 | 210716s2008 xx 000 0 und d | ||
| 020 | _a9788126511884 | ||
| 041 | _aeng | ||
| 082 | _a005.368 PETJ | ||
| 100 | _aPeters, James F;Pedrycz, Witold. | ||
| 245 |
_aSoftware engineering: an engineering approach. _bAn engineering approach. |
||
| 250 | _a1 | ||
| 260 |
_aNew Delhi _bWiley India Pvt Ltd _c2008 |
||
| 300 | _axviii,702 | ||
| 650 | _aSoftware Engineering | ||
| 999 |
_c189334 _d189334 |
||